[Event "Steyr Landesliga 1112"]
[Site "Austria"]
[Date "2012.02.04"]
[Round "8.6"]
[White "Oswald, Max"]
[Black "Teuschler, Hugo"]
[Result "0-1"]
[WhiteElo "1386"]
[BlackElo "2042"]
[PlyCount "72"]
[EventDate "2011.09.24"]
[EventType "team-tourn"]
[EventRounds "11"]
[EventCountry "AUT"]
[SourceTitle "EXT 2013"]
[Source "ChessBase"]
[SourceDate "2012.11.22"]
[SourceVersion "1"]
[SourceVersionDate "2012.11.22"]
[SourceQuality "1"]
[WhiteTeam "Frauental"]
[BlackTeam "Graz Strassenbahn"]
[WhiteTeamCountry "AUT"]
[BlackTeamCountry "AUT"]

1. d4 d5 2. c4 e6 3. g3 Nf6 4. Bg2 Be7 5. Nf3 0-0 6. 0-0 dxc4 7. Ne5 Nc6 8. Nxc6 bxc6 9. Bxc6 Rb8 10. e3 Nd5 11. Nc3 Qd6 12. Bxd5 exd5 13. a3 Rd8 14. Qc2 Qf6 15. Ne2 Qf3 16. Nf4 g5 17. Qe2 Bg4 18. Qxf3 Bxf3 19. Ng2 h5 20. Ne1 Be2 21. Ra2 Rb3 22. Nc2 Bxf1 23. Kxf1 Rdb8 24. Kg2 Rd3 25. Ra1 Kh7 26. h3 g4 27. h4 Rd1 28. Kh2 Rb3 29. Kg2 c3 30. bxc3 Rxc3 31. Nb4 Bxb4 32. axb4 Rcxc1 33. Rxc1 Rxc1 34. b5 Kg6 35. f3 Rc2+ 36. Kf1 gxf3 0-1